000 01454naa a22003017a 4500
001 BR8401939
003 BR-BrBNA
005 20250721154440.0
007 ta
008 250630b bl.|||m| |||| 00| 0 por d
040 _aBR-BrBNA
_bpor
_cBiblioteca Nacional de Agricultura
041 _a(Pt)
072 _aH10
_b0180
_b4020
090 _aH10 BR8401939
100 1 _aGassen, D.N.
111 1 _a13. Reuniao Nacional de Pesquisa de Trigo
_cCruz Alta, RS (Brazil)
_d16-20 Jul 1984
245 1 _aEfeito de niveis populacionais de Nezara viridula sobre o rendimento de graos de trigo [Triticum aestivum, praga de planta, percevejo]
246 1 _a[Effect of populational levels of Nezara viridula on the yield of wheat grains [Triticum aestivum, pest of plant, bug]]
246 1 _aResearch findings from the National Center of Wheat Research presented at the 13. RENAPET
500 _aResultados de pesquisa do Centro Nacional de Pesquisa de Trigo apresentados na 13. RENAPET Passo Fundo, RS (Brasil): 1984. p. 107-113 [7 ref.; Summary (Pt)] (BR8401939-AMS)
773 0 _tResultados de pesquisa do Centro Nacional de Pesquisa de Trigo apresentados na 13. RENAPET
_wH10 BR8401939
_gPasso Fundo, RS (Brasil), 1984. p. 107-113
650 _aPRAGA DE PLANTA
650 _aTRIGO
650 _aPERCEVEJO
490 _aDocumentos - Centro Nacional de Pesquisa de Trigo (Brazil)
_vno. 7
942 _cAMS
_2AGRIS
909 _a202506
_bLúcia
_c55
_dLúcia Elande
999 _c334832
_d334832